| 000 | 01123nam a22003137a 4500 | ||
|---|---|---|---|
| 003 | CHAP | ||
| 005 | 20220329143615.0 | ||
| 008 | 100906s2008 mx r 00010 spa d | ||
| 010 | _a99206 | ||
| 011 | _a100178 | ||
| 035 | _a110864 | ||
| 040 | _cCHAP | ||
| 090 | _aTesis | ||
| 100 | 1 |
_aReyes Molina, Ismael _996918 |
|
| 245 | 1 | 3 |
_aEl Reiki como terapia alternativa en la sanación de gastritis y colitis _c/por Ismael Reyes Molina |
| 260 |
_aChapingo, Méx. : _bEl autor, _c2008 |
||
| 300 |
_a98 h. : _bilus. |
||
| 502 | _aTesis (Diplomado de Master Reiki Holístico) -- UACH. Centro de Educación Continua | ||
| 590 |
_aALEPH _b10 _c20130110 _lUCH01 _h1536 |
||
| 590 |
_aBATCH-UPD _b10 _c20130110 _lUCH01 _h1634 |
||
| 590 |
_aCONVERSION _b10 _c20130109 _lUCH01 _h1355 |
||
| 650 | 1 | 4 |
_aAlimentos _xValor nutritivo. _94298 |
| 650 | 1 | 4 |
_aEnfermedades del sistema digestivo. _936933 |
| 650 | 1 | 4 |
_aMedicina alternativa. _973914 |
| 901 | _aBK | ||
| 942 | _cFOLL | ||
| 949 |
_aTesis _bBC _cTES _d33724002073743 _eTS1 _gDonaciØn _h51040 _i110864 _sb |
||
| 949 |
_aTesis _bBC _cTES _d33724002073785 _eTS2 _fc.2 _gDonaciØn _h51041 _i110864 _sb |
||
| 999 |
_c99206 _d99206 |
||